Normal view
MARC view
- LOTUS 1-2-3 COMPUTER PROGRAM
Entry Topical Term
001 - CONTROL NUMBER
- control field: 65871
003 - CONTROL NUMBER IDENTIFIER
- control field: NUST
005 - DATE AND TIME OF LATEST TRANSACTION
- control field: 20210628203513.0
008 - FIXED-LENGTH DATA ELEMENTS
- fixed length control field: 210628|| aca||aabn | a|a d
040 ## - CATALOGING SOURCE
- Original cataloging agency: NUST
- Transcribing agency: NUST
150 ## - HEADING--TOPICAL TERM
- Topical term or geographic name entry element: LOTUS 1-2-3 COMPUTER PROGRAM
670 ## - SOURCE DATA FOUND
- Source citation: Work cat.: (NUST): Campbell, Mary 65870, 1-2-3 the packet reference , pulls all essential commands and features at your fingertips, 1990
